01353nam a2200373Ia 4500001000700000003000500007008004100012010001100053020002200064040000900086082001900095245011100114250001100225260008900236300001100325500009800336503002100434504005500455650004600510650002200556650004000578650003300618650003100651650004000682700004100722700003700763901001900800902000600819910000900825942000600834942000700840999001900847952011300866Z_6773CHAP220113s9999 xx 000 0 und d a170051 a978-9962-8500-7-6 cCHAP a639.543843 P38 aPatología e inmunología de camarones penaeidos /ceditores Vielka Molrales Q. y Jorge Cuéllar Anjel a2a ed. aPanamá :bOrganismo Internacional Regional de Sanidad Agropecuaria (OIRSA),c  a381 p. aDonación del Dr. Esteban A. Giñon D. Vice Ministro de Desarrollo Agropecuario de Panamá aej.1: donación aIncluye bibliografía al final de cada capítulo aBuenas prácticas de acuicultura9145897 aCamarones9142444 aCamarones xx Enfermedades9145898 aLitopenaeus vannamei9145881 aPatología animal9143825 atécnicas de diagnóstico9145899 a Cuéllar Anjel, Jorge, ed.9145900 aMorales Q., Vielka, ed. 9145901 a639.543843 P38 aM a  c1 cc1 c170051d170051 00102ddc40708GRALaZbZc1d2016-11-10l1pz_6703r2024-04-15 00:00:00s2024-04-15t1w2022-01-18yLIBRO